01511nam a22002417a 4500001000500000005001700005020001800022040002900040082001200069100001800081245011700099250009200216260003500308300004700343505000800390520047800398520022900876521002901105521001901134650005601153650002801209700003201237131320231010093205.0 a9789996305771 aFISKHbengcFISKHdFISKH a599.757 aSodany, Ouch  aប៉ាប៉ា! អីគេហ្នឹង? /cអ៊ូច សូដានី - សួ គឹមសាន  aគ្រិះស្ថានបោះពុម្ព Sipar មេសា ២០២១  aPhnom Penh : bSipar, c2021.  a23 pages : bcolor illustrations ; c23 cm aG  aនៅតាមផ្លូវត្រឡប់ទៅផ្ទះ កូនតោសួរប៉ាតោរហូត​ ៖ «ប៉ាប៉ា! អីគេហ្នឹង?​»។ វាឆ្ងល់និងសួរគ្រប់រឿងដូចជា ស្រមោល ដានជើង សំឡេង...... ចម្លើយប៉ាតោធ្វើអោយកូនតោពេញចិត្ត និងរីករាយជាខ្លាំង ។ aOn the way back home, a young lion kept asking: "Daddy! Daddy!" What is it? ” He wonders and asks about everything such as shadows, footprints, and sounds... his father answers and makes the baby lion satisfied and happy. a380 bLexile estimate  aG bRaz-Plus  aតោ​vឆ្ងល់ xឆ្លើយតប  aLion vWonder xAnswer  aKimsan, Sour cillustrator